| 000 | 00519nam a22001577a 4500 | ||
|---|---|---|---|
| 003 | SISC | ||
| 005 | 20160808150941.0 | ||
| 008 | 160808b xxu||||| |||| 00| 0 eng d | ||
| 020 | _a9781632400604 | ||
| 050 |
_aLB 2395.7 _b.In8 2015 |
||
| 245 |
_aAn integrated approach to e-learning / _cedited by Albert Traver. |
||
| 260 |
_aUSA : _bClanrye International, _c2015. |
||
| 300 |
_a252 pages : _billustrations (chiefly color) ; _c25 cm. |
||
| 650 |
_aEducation, Higher _xElectronic information resources. |
||
| 942 |
_2lcc _cBK |
||
| 999 |
_c299972 _d299972 |
||